000 00669nam a2200193Ia 4500
005 20250508155807.0
008 008 250505s9999 xx 000 0 eng d
037 _aTextual
040 _aFEDL
_beng
_cFEDL
041 _aeng
_2eng
084 _a371.4, HOQ
_qFEDL
100 _aHoque Nasoom
_9767521
245 0 _aNon-formal education for women in Bangladesh : With emphas is on agency and organizational programs serving economically disadvantaged women
260 _aMichigan
_bInstitute for International Studies in Education
300 _a63p.
650 _aEducational - Guidance and
942 _cTEXL
_h371.4, HOQ
999 _c1359315
_d1359315